Chanteurs anglophones... en français - Statistiques

Statistiques générales
  • Ce quiz a été pris 4 438 fois
  • Le résultat moyen est 9 sur 20
Statistiques - réponses
Nom "traduit" Nom original % Correct
Fréderic Mercure Freddie Mercury
97%
La fin de semaine The Weeknd
94%
Alice Clefs Alicia Keys
90%
Tina Tourneur Tina Turner
81%
Donna Été Donna Summer
78%
Jacques Blanc Jack White
68%
Louis Bras-fort Louis Armstrong
67%
Neïl Jeune Neil Young
66%
Bruce Printemps d'adolescent Bruce Springsteen
47%
Jean Brun James Brown
41%
Patti Forgeron Patti Smith
27%
Catherine Buisson Kate Bush
26%
Catherine Poiré Katty Perry
24%
Tailleur Rapide Taylor Swift
20%
Nicolas Grotte Nick Cave
19%
Thomas Attend Tom Waits
14%
Jean Espèces Johnny Cash
9%
Robert Usine Robert Plant
9%
Steph Réfléchir Stevie Wonder
3%
Jeter Baie Chuck Berry
2%
Aucun quiz correspondant
Distribution des résultats
% des personnes avec chaque résultat
Percentile par nombre de réponses
Votre historique - résultats
Vous n’avez pas pris ce quiz